000 00911nam a2200253Ia 4500
003 OSt
005 20220923211151.0
006 a|||||r|||| 00| 0
007 ta
008 Pun
020 _a81876541384 (hbk)
_c340
024 _a284,467
037 _b921, 20/03/2015, H.K. Prakashan
_cTextual
040 _aARTS
_cARTS
_bPun
041 _2Pun
_aPun
082 _aO153,1JPI:g, Q3
100 _aਮਹਿਰੋਕ, ਪ੍ਰਿਤਪਾਲ ਸਿੰਘ
_9159034
245 0 _aਪੰਜਾਬੀ ਵਿਚ ਮਿਰਗ਼ਾ ਸਾਹਿਬਾਂ ਦੇ ਕਿੱਸੇ
260 _aਦਿੱਲੀ
_b ਮਨਪ੍ਰੀਤ ਪ੍ਰਕਾFਨ
_c2013
300 _a133ਪੰ
_ccm.
650 _aਪੰਜਾਬੀ ਸਾਹਿਤ
942 _hO153,1JPI:g, Q3
_cTEXL
_2CC
999 _c296246
_d296246